Γονεϊκή αποδοχή απόρριψη και ενδοοικογενειακή βία : ο ρόλος της ανθεκτικότητας ως ρυθμιστικός η και διαμεσολαβητικός παράγοντας ; διπλωματική εργασία [μεταπτυχιακή εργασία]
Αποθηκεύτηκε σε:
| Κύριος συγγραφέας: | |
|---|---|
| Συγγραφή απο Οργανισμό/Αρχή: | |
| Μορφή: | Thesis Βιβλίο |
| Γλώσσα: | Greek |
| Δημοσίευση: |
2015.
|
| Θέματα: | |
| Ετικέτες: |
Προσθήκη ετικέτας
Δεν υπάρχουν, Καταχωρήστε ετικέτα πρώτοι!
|
MARC
| LEADER | 00000cam a2200000 a 4500 | ||
|---|---|---|---|
| 001 | 1/122296 | ||
| 008 | 201105s2015####gr | ||| |||| ||gre|| | ||
| 040 | |a GR-MyUa |b gre |c GR-MyUa |e AACR2 | ||
| 041 | 0 | |a gre | |
| 082 | 7 | |a 362.8292 |2 (23) | |
| 100 | 1 | |a Φλωροπούλου, Χρυσούλα-Μαρία. | |
| 245 | 1 | 0 | |a Γονεϊκή αποδοχή απόρριψη και ενδοοικογενειακή βία : |b ο ρόλος της ανθεκτικότητας ως ρυθμιστικός η και διαμεσολαβητικός παράγοντας ; διπλωματική εργασία [μεταπτυχιακή εργασία] / |c Φλωροπούλου Χρυσούλα-Μαρία ; επιβλέπων καθηγητής: Τσαούσης Ιωάννης. |
| 260 | |c 2015. | ||
| 300 | |a 98 σ. : |b πιν. ; |c 30 εκ. | ||
| 500 | |a Μέλη εξεταστικής επιτροπής: Τσαούσης Ιωάννης, Θεμελή Όλγα, Παπαηλίου Χριστίνα | ||
| 502 | |a Διπλωματική εργασία - Πανεπιστήμιο Αιγαίου, Ρόδος 2015. | ||
| 504 | |a Βιβλιογραφία: σ. 77-89. | ||
| 506 | 1 | |a Διάθεση μόνο λέξεων κλειδιών περιλήψεων. | |
| 650 | 0 | |a Victims of family violence. | |
| 650 | 0 | |a Abused women. | |
| 650 | 0 | |a Family violence |x Law and legislation |z Greece. | |
| 650 | 0 | |a Problem families. | |
| 650 | 0 | |a Family violence. | |
| 700 | 1 | |a Τσαούσης, Ιωάννης, |e dgs | |
| 710 | 2 | |a Πανεπιστήμιο Αιγαίου |b Σχολή Ανθρωπιστικών Επιστημών |b Τμήμα Επιστημών της Προσχολικής Αγωγής και του Εκπαιδευτικού Σχεδιασμού |b Πρόγραμμα Μεταπτυχιακών Σπουδών Φύλο και Νέα Εκπαιδευτικά και Εργασιακά Περιβάλλοντα στην Κοινωνία της Πληροφορίας. | |
| 920 | |a Φλωροπούλου |b Χρυσούλα-Μαρία |y Ρόδος |z 2015-07 | ||
| 970 | |z 05 - 11 - 2020 | ||